<?xml version="1.0" encoding="UTF-8"?><?xml-stylesheet type="text/xsl" href="static/style.xsl"?><OAI-PMH xmlns="http://www.openarchives.org/OAI/2.0/" xmlns:xsi="http://www.w3.org/2001/XMLSchema-instance" xsi:schemaLocation="http://www.openarchives.org/OAI/2.0/ http://www.openarchives.org/OAI/2.0/OAI-PMH.xsd"><responseDate>2026-06-01T15:29:28Z</responseDate><request verb="GetRecord" identifier="oai:riuma.uma.es:10630/25984" metadataPrefix="marc">https://riuma.uma.es/rest/oai/request</request><GetRecord><record><header><identifier>oai:riuma.uma.es:10630/25984</identifier><datestamp>2026-02-03T10:51:22Z</datestamp><setSpec>com_10630_2254</setSpec><setSpec>col_10630_37953</setSpec></header><metadata><record xmlns="http://www.loc.gov/MARC21/slim" xmlns:dcterms="http://purl.org/dc/terms/" xmlns:doc="http://www.lyncode.com/xoai" xmlns:xsi="http://www.w3.org/2001/XMLSchema-instance" xsi:schemaLocation="http://www.loc.gov/MARC21/slim http://www.loc.gov/standards/marcxml/schema/MARC21slim.xsd">
   <leader>00925njm 22002777a 4500</leader>
   <datafield ind2=" " ind1=" " tag="042">
      <subfield code="a">dc</subfield>
   </datafield>
   <datafield ind2=" " ind1=" " tag="720">
      <subfield code="a">Triano Milán, José Manuel</subfield>
      <subfield code="e">author</subfield>
   </datafield>
   <datafield ind2=" " ind1=" " tag="260">
      <subfield code="c">2018</subfield>
   </datafield>
   <datafield ind2=" " ind1=" " tag="520">
      <subfield code="a">La Hermandad General constituida por los Reyes Católicos en 1476 conformó el germen &#xd;
del primer ejército permanente castellano. Este complejo entramado administrativo-militar, sumamente &#xd;
costoso, obligó a conformar todo un sistema tributario para su mantenimiento. El presente artículo &#xd;
pretende analizar cómo las autoridades hermandinas recurrieron a la amplia experiencia acumulada en &#xd;
materia de negociación fiscal para alcanzar el consenso necesario para el funcionamiento de este nuevo &#xd;
modelo de ingresos extraordinarios. Para ello estudiaremos con detenimiento el debate suscitado en &#xd;
torno al sistema de recaudación y gestión de las contribuciones de la Hermandad y las medidas adoptadas para presentar esta fuerza militar como una medida necesaria para el bien común. Así mismo, prestaremos especial atención a la adaptación del discurso esgrimido por las autoridades a la cambiante realidad política y económica que experimentó Castilla a lo largo de este período.</subfield>
   </datafield>
   <datafield ind1="8" ind2=" " tag="024">
      <subfield code="a">https://hdl.handle.net/10630/25984</subfield>
   </datafield>
   <datafield tag="653" ind2=" " ind1=" ">
      <subfield code="a">España - Santa Hermandad</subfield>
   </datafield>
   <datafield ind2="0" ind1="0" tag="245">
      <subfield code="a">De la restauración de la justicia a la lucha contra el infiel. La legitimación de los ingresos fiscales de la Santa Hermandad (1476-1498)</subfield>
   </datafield>
</record>
</metadata></record></GetRecord></OAI-PMH>